<?xml version="1.0" encoding="UTF-8"?>
<record
    xmlns:xsi="http://www.w3.org/2001/XMLSchema-instance"
    xsi:schemaLocation="http://www.loc.gov/MARC21/slim http://www.loc.gov/standards/marcxml/schema/MARC21slim.xsd"
    xmlns="http://www.loc.gov/MARC21/slim">

  <leader>02257nam a2200301 a 4500</leader>
  <controlfield tag="001">000022455</controlfield>
  <controlfield tag="003">DO-SdBNP</controlfield>
  <controlfield tag="005">20260321073640.0</controlfield>
  <controlfield tag="007">ta</controlfield>
  <controlfield tag="008">091204e1998    dr ac  gr     001 edspa d</controlfield>
  <datafield tag="020" ind1=" " ind2=" ">
    <subfield code="a">8492311339</subfield>
  </datafield>
  <datafield tag="040" ind1=" " ind2=" ">
    <subfield code="a">DO-SdBNP</subfield>
    <subfield code="b">spa</subfield>
    <subfield code="c">BNPHU</subfield>
  </datafield>
  <datafield tag="082" ind1=" " ind2="4">
    <subfield code="a">320.97293</subfield>
    <subfield code="b">J61c, 1998</subfield>
    <subfield code="2">22</subfield>
  </datafield>
  <datafield tag="100" ind1="1" ind2=" ">
    <subfield code="a">Jim&#xE9;nez, Felucho</subfield>
    <subfield code="9">23276</subfield>
  </datafield>
  <datafield tag="245" ind1="1" ind2="0">
    <subfield code="a">&#xBF;C&#xF3;mo fue el gobierno de Juan Bosch? /</subfield>
    <subfield code="c">Felucho Jim&#xE9;nez.</subfield>
  </datafield>
  <datafield tag="250" ind1=" " ind2=" ">
    <subfield code="a">4a ed.</subfield>
  </datafield>
  <datafield tag="260" ind1=" " ind2=" ">
    <subfield code="a">Santo Domingo :</subfield>
    <subfield code="b">Alfa y Omega,</subfield>
    <subfield code="c">1998</subfield>
  </datafield>
  <datafield tag="300" ind1=" " ind2=" ">
    <subfield code="a">445 p. :</subfield>
    <subfield code="b">il. ;</subfield>
    <subfield code="c">21 cm.</subfield>
  </datafield>
  <datafield tag="500" ind1=" " ind2=" ">
    <subfield code="a">Incluye datos biogr&#xE1;ficos del autor en la solapa de la cubierta</subfield>
  </datafield>
  <datafield tag="500" ind1=" " ind2=" ">
    <subfield code="a">Constituci&#xF3;n, leyes, decretos, programas y acciones relevantes del gobierno del prof. Juan Bosch del 1963. Incluye una entrevista especial al prof. Juan Bosch acerca de su programa de gobierno.</subfield>
  </datafield>
  <datafield tag="505" ind1="0" ind2=" ">
    <subfield code="a">Introduccci&#xF3;n --</subfield>
    <subfield code="g">Cap&#xED;tulo primero --</subfield>
    <subfield code="t">Las elecciones del 1962 --</subfield>
    <subfield code="t">Ley del Consejo de Estado que Convoc&#xF3; las elecciones del 1962 --</subfield>
    <subfield code="t">Los resultados electorales --</subfield>
    <subfield code="g">Cap&#xED;tulo segundo --</subfield>
    <subfield code="t">El Presidente Bosch --</subfield>
    <subfield code="t">Discurso de Toma de Posesi&#xF3;n --</subfield>
    <subfield code="t">Lo que hizo en siete meses --</subfield>
    <subfield code="g">Cap&#xED;tulo tercero --</subfield>
    <subfield code="t">La constituci&#xF3;n del 1963 --</subfield>
    <subfield code="t">Carta de presentaci&#xF3;n del proyecto de constituci&#xF3;n --</subfield>
    <subfield code="t">La constituci&#xF3;n del 1963 --</subfield>
    <subfield code="g">Cap&#xED;tulo cuarto --</subfield>
    <subfield code="t">Las leyes m&#xE1;s importantes --</subfield>
    <subfield code="g">Cap&#xED;tulo quinto --</subfield>
    <subfield code="t">Los decretos m&#xE1;s importantes --</subfield>
    <subfield code="t">Cap&#xED;tulo sexto --</subfield>
    <subfield code="t">Proyectos de ley al 25 de septiembre del 1963 --</subfield>
    <subfield code="t">Algunos de los proyectos de ley que no llegaron a promulgarse o aprobarse --</subfield>
    <subfield code="t">Leyes del Gobierno de Bosch Derogadas o Modificadas por el Triunvirato hasta el 31 de diciembre del 1963 --</subfield>
    <subfield code="t">Leyes preparadas durante el Gobierno de Bosch que fueron Promulgadas por el Triunvirato hasta el 31 de diciembre del 1963 --</subfield>
    <subfield code="g">Cap&#xED;tulo s&#xE9;ptimo</subfield>
    <subfield code="t">Dos discursos y una carta para la historia --</subfield>
    <subfield code="t">Discursos del 16 de agosto del 1963 --</subfield>
    <subfield code="t">Una carta para la historia --</subfield>
    <subfield code="g">Cap&#xED;tulo octavo --</subfield>
    <subfield code="t">El programa de gobierno (Entrevista al Prof. Juan Bosch) --.</subfield>
  </datafield>
  <datafield tag="590" ind1=" " ind2=" ">
    <subfield code="a">Inventariado, 2018/ YL</subfield>
  </datafield>
  <datafield tag="600" ind1="1" ind2="0">
    <subfield code="a"> Bosch, Juan, </subfield>
    <subfield code="d">1909-2001</subfield>
    <subfield code="9">76555</subfield>
  </datafield>
  <datafield tag="651" ind1=" " ind2="4">
    <subfield code="a">Rep&#xFA;blica Dominicana</subfield>
    <subfield code="x">Pol&#xED;tica y Gobierno</subfield>
    <subfield code="y">1961-</subfield>
    <subfield code="9">204</subfield>
  </datafield>
  <datafield tag="651" ind1=" " ind2="4">
    <subfield code="a">Rep&#xFA;blica Dominicana</subfield>
    <subfield code="x">Historia</subfield>
    <subfield code="9">170</subfield>
  </datafield>
  <datafield tag="910" ind1=" " ind2=" ">
    <subfield code="a">Validado. Control de calidad MFF</subfield>
  </datafield>
  <datafield tag="942" ind1=" " ind2=" ">
    <subfield code="2">ddc</subfield>
    <subfield code="c">LBS1</subfield>
  </datafield>
  <datafield tag="952" ind1=" " ind2=" ">
    <subfield code="0">0</subfield>
    <subfield code="1">0</subfield>
    <subfield code="2">ddc</subfield>
    <subfield code="5">6</subfield>
    <subfield code="7">0</subfield>
    <subfield code="8">DS</subfield>
    <subfield code="a">BNPHU</subfield>
    <subfield code="b">BNPHU</subfield>
    <subfield code="c">HD</subfield>
    <subfield code="d">2015-10-04</subfield>
    <subfield code="e">Donado por Martiza B&#xE1;ez</subfield>
    <subfield code="o">320.97293 J61c, 1998</subfield>
    <subfield code="p">22455-30</subfield>
    <subfield code="r">2020-06-25</subfield>
    <subfield code="t">e. 3</subfield>
    <subfield code="w">2020-06-25</subfield>
    <subfield code="y">LBS1</subfield>
  </datafield>
  <datafield tag="952" ind1=" " ind2=" ">
    <subfield code="0">0</subfield>
    <subfield code="1">0</subfield>
    <subfield code="2">ddc</subfield>
    <subfield code="5">1</subfield>
    <subfield code="7">0</subfield>
    <subfield code="8">PD</subfield>
    <subfield code="a">BNPHU</subfield>
    <subfield code="b">BNPHU</subfield>
    <subfield code="c">HD</subfield>
    <subfield code="d">2010-10-11</subfield>
    <subfield code="o">320.97293 J61c, 1998</subfield>
    <subfield code="p">22455-10</subfield>
    <subfield code="r">2020-06-25</subfield>
    <subfield code="w">2020-06-25</subfield>
    <subfield code="y">LBS1</subfield>
  </datafield>
  <datafield tag="952" ind1=" " ind2=" ">
    <subfield code="0">0</subfield>
    <subfield code="1">0</subfield>
    <subfield code="2">ddc</subfield>
    <subfield code="5">1</subfield>
    <subfield code="7">0</subfield>
    <subfield code="8">PD</subfield>
    <subfield code="a">BNPHU</subfield>
    <subfield code="b">BNPHU</subfield>
    <subfield code="c">HD</subfield>
    <subfield code="d">2013-05-24</subfield>
    <subfield code="o">320.97293 J61c, 1998</subfield>
    <subfield code="p">22455-20</subfield>
    <subfield code="r">2020-06-25</subfield>
    <subfield code="t">e. 2</subfield>
    <subfield code="w">2020-06-25</subfield>
    <subfield code="y">LBS1</subfield>
  </datafield>
  <datafield tag="999" ind1=" " ind2=" ">
    <subfield code="c">21953</subfield>
    <subfield code="d">21953</subfield>
  </datafield>
</record>
